000 00425nam a2200157Ia 4500
008 240729s9999 xx 000 0 und d
022 _a1981-8637
245 0 _aRGO: Revista Gaúcha de Odontologia
260 _aBrazil
260 _bFaculdade São Leopoldo Mandic
650 _a Dentistry
650 _aMedicine
856 _uhttps://doaj.org/toc/97dc8f36feb94709b2c0492fbd9ad0b3
942 _2ddc
942 _cDOAJEJ
999 _c69487
_d69487
945 _a1
_bMadushi Gamage
_c1
_dMadushi Gamage